000 00840nam a2200229Ia 4500
003 GCL
005 20240530102455.0
008 140319s9999 xx 000 0 ara d
040 _aGCL /
_cGCL
082 0 4 _a321.04
_bك س
100 1 _aحبرتون، جيفرى
245 1 0 _aالسلام البارد امريكا واليابان والمانيا والنضال من اجل البقاء /
_cحبرتون، جيفرى
260 _a[S.N] :
_bلجنة الاعلام والدراسات المستقبلية ،
_c1993
300 _a292 ص
650 0 4 _aالمانيا
650 0 4 _aاليابان
650 0 4 _aالولايات المتحدة الامريكية
650 0 4 _aالعلاقات الخارجية
650 0 4 _aالنظام العالمى الحديث
700 1 _aحسن صبرى (مترجم)
942 _2ddc
_cBK
999 _c32502
_d32502